000 00287nam a22001337a 4500
020 _a978-8174090737
041 _aENG
100 _aRai.G.D
245 _aNon -Conventional Energy Sources
260 _aDelhi
_bKhanna Publishers
_c2018
300 _a696
650 _aEOES
856 _uEOES
999 _c66
_d66